Statistics for Fiction Hero Colors

Click here to take the quiz!

General Stats

  • This quiz has been taken 17 times
  • The average score is 15 of 30

Answer Stats

HintSeriesAnswer% Correct
LeonardoTeenage Mutant Ninja TurtlesBlue
100%
MichelangeloTeenage Mutant Ninja TurtlesOrange
100%
RaphaelTeenage Mutant Ninja TurtlesRed
88%
Zack TaylorPower RangersBlack
81%
Jason Lee ScottPower RangersRed
81%
Trini KwanPower RangersYellow
81%
Billy CranstonPower RangersBlue
75%
Kimberly HartPower RangersPink
75%
BubblesPowerpuff GirlsBlue
69%
Tommy OliverPower RangersGreen
69%
ButtercupPowerpuff GirlsGreen
69%
BlossomPowerpuff GirlsRed
56%
DonatelloTeenage Mutant Ninja TurtlesViolet
56%
Sailor JupiterSailor MoonGreen
50%
Sailor MarsSailor MoonRed
50%
Sailor MercurySailor MoonBlue
44%
Ippei MineVoltes VBlue
31%
Daijirō GōVoltes VGreen
31%
Sailor VenusSailor MoonOrange
31%
Sailor Chibi MoonSailor MoonPink
31%
Ken'ichi GōVoltes VRed
31%
Megumi OkaVoltes VYellow
31%
Ryūta NanbaraBiomanBlue
25%
Hiyoshi GōVoltes VGreen
25%
Shingo TakasugiBiomanGreen
25%
Hikaru KatsuragiBiomanPink
25%
Shirō GōBiomanRed
25%
Sailor SaturnSailor MoonViolet
25%
Mika KoizumiBiomanYellow
25%
Sailor PlutoSailor MoonBrown
19%

Score Distribution

Percentile by Number Answered

Percent of People with Each Score

Your Score History

You have not taken this quiz